000 01204nam a2200253Ia 4500
999 _c41913
_d41913
001 8597
003 GE_BSU
005 20200227161943.0
008 181216s1934 xx |||||||||||||| ||geo||
040 _cGE_BSU
041 _ageo
080 _a821.353.1 თ-43
100 _aთეიმურაზ, პირველი .
_97575
245 _aთხზულებათა სრული კრებული /
_cთეიმურაზ პირველი ; ტექსტი გამოკვლევა ლექსიკონი ალ. ბარამიძის და გ. ჯაკობიას რედ.
250 _a1-ლი გამოცემა
264 _aთბილისი :
_bფედერაცია,
_c1933.
300 _a320 გვ;
_bილ ;
_c20 სმ.
500 _aლექსიკონი გვ 287-318;
653 _aთხზულებათა სრული კრებული
653 _aქართული ლიტერატურა
700 _aბარამიძე, ა
_eრედაქტორი
_97576
700 _a ჯაკობია, გ.
_eრედაქტორი
_97577
942 _cBK
_2udc